000 01006cam a2200337 a 4500
001 5804
003 FISKH
005 20250123091240.0
008 100923s2010 nyua j 000 0 eng
010 _a 2010282854
020 _a9780545137386 (pbk.)
020 _a0545137381 (pbk.)
040 _aDLC
_cDLC
_dDLC
_beng
050 _aQB602.M336
082 _a523
100 1 _aMartin, Justin McCory.
245 1 0 _aPlanets /
_cby Justin McCory Martin.
260 _aNew York :
_bScholastic,
_c2010.
300 _a16 pages :
_bcolor illustrations ;
_c23 cm
490 0 _aScience sight word readers
500 _aCover title.
505 _aJ
520 _aTeaches key science concepts and targets must-know sight words, all about planets.
521 8 _a490
_bLexile
521 8 _aJ
_bRaz-Plus
650 0 _aPlanets
_vJuvenile literature.
651 0 _aSolar system
_vJuvenile literature.
906 _a7
_bcbc
_corigres
_d2
_encip
_f20
_gy-gencatlg
942 _2ddc
_cBK
_n0
999 _c5804
_d5804